000 00562nam a2200193Ia 4500
005 20250507130238.0
008 008 250505s9999 xx 000 0 eng d
037 _aSeries Article
040 _aEASL
_beng
_cEASL
041 _aeng
_2eng
084 _qEASL
100 _aMichelson Ethan
_9669069
245 0 _aJustice from above or below?Popular strategies for resolving grievances in rural china
260 _aUK
_bUK Cambridge Univesity Press UK
_c2008
300 _a43-64
650 _aChina
942 _cSRA
999 _c1318539
_d1318539